000 00743nam a2200289Ia 4500
005 20260324120546.0
008 008 260324s9999 xx 000 0 eng d
020 _a9780429174261
037 _aEBOOK
040 _aCRL
040 _beng
040 _cCRL
041 _2eng
041 _aeng
084 _qCRL
100 _aYakov Karasik; Alexei Kanel-Belov; Louis Halle Rowen
_91159051
245 0 _aComputational Aspects of Polynomial Identities
245 0 _bVolume l, Kemer's Theorems, 2nd Edition
260 _bTaylor and Francis
260 _c2015
365 _a
365 _b385
856 _uhttp://www.taylorfrancis.com/books/9780429174261
942 _cEBOOK
999 _c1750653
_d1750653